| 000 | 00536nam a2200181Ia 4500 | ||
|---|---|---|---|
| 005 | 20250508163700.0 | ||
| 008 | 008 250505s9999 xx 000 0 eng d | ||
| 037 | _aTextual | ||
| 040 |
_aFEDL _beng _cFEDL |
||
| 041 |
_aeng _2eng |
||
| 084 |
_a371.4, KOC _qFEDL |
||
| 100 | _aKochhar S K | ||
| 245 | 0 | _aGuidance and counselling in colleges and universities | |
| 260 |
_aNew Delhi, India _bSterling Publishers Private Limited _c1996 |
||
| 300 | _axi,462p. | ||
| 942 |
_cTEXL _h371.4, KOC |
||
| 999 |
_c1384684 _d1384684 |
||